[Event "Mediterranean-ch 11th"]
[Site "Petrovac"]
[Date "2021.06.20"]
[Round "3"]
[White "Zenelaj, Samuel"]
[Black "Dedeic, Huso"]
[Result "1-0"]
[WhiteElo "2208"]
[BlackElo "2013"]
[PlyCount "251"]
[EventDate "2021.06.19"]
[EventType "swiss"]
[EventRounds "9"]
[EventCountry "MNE"]
[SourceTitle "CBM 203 Extra"]
[Source "ChessBase"]
[SourceDate "2021.09.30"]
[SourceVersion "1"]
[SourceVersionDate "2021.09.30"]
[SourceQuality "1"]

1. e4 c5 2. Nf3 d6 3. Bb5+ Bd7 4. Bxd7+ Nxd7 5. 0-0 Ngf6 6. Qe2 e5 7. c4 Be7 8. d3 h6 9. Nc3 Nf8 10. Rb1 a5 11. h3 Ne6 12. Be3 g5 13. Nh2 h5 14. g3 Qd7 15. Kg2 0-0-0 16. Qd2 Rdg8 17. Nd5 Nxd5 18. cxd5 Nf4+ 19. Bxf4 gxf4 20. Nf3 Rg6 21. Kh2 fxg3+ 22. fxg3 Rhg8 23. Rg1 Qd8 24. a3 Bg5 25. Qf2 h4 26. Nxh4 Bxh4 27. gxh4 Rf6 28. Qxf6 Qxf6 29. Rxg8+ Kc7 30. Kg2 Qxh4 31. Rf1 Qh7 32. Rg5 Kb6 33. Rgf5 Qg6+ 34. Kf3 a4 35. h4 f6 36. h5 Qg7 37. Rh1 Qh6 38. Ke2 c4 39. dxc4 Kc5 40. Kd3 Qg7 41. Rhf1 Qg2 42. R1f2 Qh1 43. Rxf6 Qxh5 44. R6f3 Qg5 45. Kc2 Qg4 46. Re3 Qg1 47. Rfe2 Qf1 48. Re1 Qf2+ 49. Kc3 Qf4 50. b3 axb3 51. Kxb3 Qf2 52. R3e2 Qd4 53. Rc2 Qd3+ 54. Rc3 Qd2 55. Ree3 Qd1+ 56. Rc2 Qb1+ 57. Rb2 Qa1 58. Kc2 Qg1 59. Rd3 Qf2+ 60. Rd2 Qf3 61. Rb5+ Kxc4 62. Rb4+ Kc5 63. Kb2 b5 64. Rc2+ Kb6 65. Ka2 Qd3 66. Rcb2 Ka6 67. a4 Qd1 68. axb5+ Kb6 69. Rc4 Qd3 70. Rc6+ Kb7 71. Rb4 Qd2+ 72. Ka3 Qd1 73. Rc3 Qa1+ 74. Kb3 Qd1+ 75. Rc2 Kb6 76. Kb2 Qe1 77. Kb3 Qd1 78. Kb2 Qe1 79. Rc6+ Kb7 80. Rbc4 Qd2+ 81. Ka3 Qd3+ 82. Rc3 Qxe4 83. Rxd6 Qd4 84. Kb3 e4 85. b6 Ka6 86. Rc4 Qd3+ 87. Kb4 Qb1+ 88. Kc5 Qb5+ 89. Kd4 e3 90. Re6 e2 91. Rxe2 Qxb6+ 92. Kc3 Qf6+ 93. Rd4 Kb5 94. d6 Kc5 95. Red2 Qf3+ 96. R2d3 Qf1 97. Rc4+ Kb5 98. Rd5+ Kb6 99. d7 Qa1+ 100. Kd3 Qb1+ 101. Kd2 Qa2+ 102. Kd3 Qa3+ 103. Ke4 Qe7+ 104. Kd3 Qh7+ 105. Re4 Qh3+ 106. Kd4 Qh8+ 107. Kc4 Qd8 108. Red4 Qc7+ 109. Kb4 Qd8 110. Kb3 Kc6 111. Kc4 Kb7 112. Rc5 Qg8+ 113. Kb4 Qd8 114. Rc8 Qb6+ 115. Kc3 Qa5+ 116. Rb4+ Ka7 117. d8Q Qa1+ 118. Rb2 Qc1+ 119. Kb3 Qe3+ 120. Rc3 Qe6+ 121. Kc2 Qe2+ 122. Qd2 Qe4+ 123. Kc1 Qh1+ 124. Qd1 Qh6+ 125. Kb1 Qg6+ 126. Ka1 1-0

[Event "MNT-chT 1st League"]
[Site "Podgorica"]
[Date "2021.05.20"]
[Round "1.4"]
[White "Dedeic, Huso"]
[Black "Popovic, Mateja"]
[Result "1-0"]
[WhiteElo "1980"]
[BlackElo "1723"]
[PlyCount "61"]
[EventDate "2021.05.20"]
[EventType "team-tourn"]
[EventRounds "7"]
[EventCountry "MNE"]
[SourceTitle "EXT 2022"]
[Source "ChessBase"]
[SourceDate "2021.10.06"]
[SourceVersion "1"]
[SourceVersionDate "2021.10.06"]
[SourceQuality "1"]

1. b3 d5 2. Nf3 Nf6 3. Bb2 e6 4. e3 Be7 5. d4 c5 6. dxc5 Bxc5 7. Nbd2 Nc6 8. Bb5 Bd7 9. 0-0 a6 10. Bxc6 Bxc6 11. Ne5 Rc8 12. Qe2 d4 13. Nxc6 Rxc6 14. Nc4 dxe3 15. Nxe3 0-0 16. Rad1 Qc7 17. c4 Bd6 18. g3 Be5 19. Ba3 Rd8 20. Rxd8+ Qxd8 21. Nf5 exf5 22. Qxe5 g6 23. Be7 Ng4 24. Qxf5 Qxe7 25. Qxg4 Qa3 26. Rd1 Qxa2 27. Rd8+ Kg7 28. Qd4+ Rf6 29. g4 Qa5 30. Rd5 Qb6 31. c5 1-0